[Event "Euro Online U2300 Day 1"]
[Site "chess.com INT"]
[Date "2020.05.25"]
[Round "2"]
[White "Prohorov, Olexandr"]
[Black "Corvi, Marco"]
[Result "1-0"]
[WhiteTitle "FM"]
[BlackTitle "FM"]
[WhiteElo "2086"]
[BlackElo "2258"]
[WhiteFideId "14105578"]
[BlackFideId "801895"]
[EventDate "2020.05.25"]

1. e4 c5 2. c3 Nf6 3. e5 Nd5 4. Nf3 e6 5. Bc4 Nc6 6. O-O Be7 7. d4 cxd4 8. cxd4
Nb6 9. Bd3 d5 10. Nc3 Bd7 11. Qe2 Rc8 12. Bd2 Nc4 13. Bxc4 dxc4 14. d5 exd5 15.
Nxd5 O-O 16. Rfd1 Be6 17. Nf4 Nd4 18. Nxd4 Qxd4 19. Nxe6 fxe6 20. Bc3 Qc5 21.
Bd4 Qc7 22. Rac1 b5 23. Qg4 Bc5 24. Qxe6+ Kh8 25. Qg4 Rcd8 26. e6 Bxd4 27. Rxd4
Qc5 28. Rcd1 Rde8 29. Rf4 h5 30. Qh4 Rxf4 31. Qxf4 Rxe6 32. Rd8+ Kh7 33. h4 Re1+
34. Kh2 Qe5 35. Qxe5 Rxe5 36. Rd2 a5 37. Kg3 Kg6 38. Kf4 Rf5+ 39. Ke4 Rc5 40.
Rd6+ Kf7 41. Kd4 Rf5 42. f3 Rf4+ 43. Kc5 b4 44. Rd4 Rf6 45. Kxc4 Rc6+ 46. Kb3
Rg6 47. g4 Rf6 48. Rd3 Rf4 49. Ka4 hxg4 50. fxg4 Rxg4 51. Rh3 Rg2 52. Rb3 Rg4
53. h5 Rh4 54. Kxa5 Rxh5+ 55. Kxb4 g5 56. a4 g4 57. Rg3 Kf6 58. Rxg4 Rh2 59. b3
Ke7 60. Rd4 Rh8 61. a5 Rb8+ 62. Ka4 Ra8 63. b4 Rb8 64. b5 Rh8 65. a6 Rh1 66. Ka5
Ra1+ 67. Kb6 Ke6 68. a7 Ra2 69. Kb7 Ra1 70. a8=Q 1-0

[Event "Euro Online U2300 Day 1"]
[Site "chess.com INT"]
[Date "2020.05.25"]
[Round "2"]
[White "Caputcuoglu, Zeki Berke"]
[Black "Bazakutsa, Svyatoslav"]
[Result "1-0"]
[WhiteTitle "CM"]
[WhiteElo "2138"]
[BlackElo "1966"]
[WhiteFideId "34548610"]
[BlackFideId "14198525"]
[EventDate "2020.05.25"]

1. Nf3 Nf6 2. d4 g6 3. c4 Bg7 4. g3 O-O 5. Bg2 d6 6. O-O Nc6 7. Nc3 e5 8. dxe5
dxe5 9. Bg5 Be6 10. Qa4 Qc8 11. Rac1 Nd7 12. Nd5 e4 13. Nd2 f5 14. b4 Nb6 15.
Qb3 Bxd5 16. cxd5 Nd4 17. Qd1 Nxd5 18. Nb3 Ne6 19. Qxd5 c6 20. Qd2 Be5 21. Nc5
f4 22. Nxe6 Qxe6 23. Bxf4 Rad8 24. Qe3 Bxf4 25. gxf4 Qg4 26. Qxe4 Rxf4 27. Qe7
Rd2 28. Ra1 Rxe2 29. Qc5 Rxb4 30. Rae1 Rbb2 31. Rxe2 Qxe2 32. a4 a6 33. Qd4 Rd2
34. Qb6 Rd7 35. Qb3+ Kg7 36. Qc3+ Kg8 37. Re1 Qd3 38. Qf6 Rd8 39. Bf1 Qd4 40.
Bc4+ Qxc4 41. Qxd8+ Kg7 42. Qe7+ Kh6 43. Qf8+ Kh5 44. Qf3+ Kh6 45. Qe3+ Kg7 46.
Qe7+ Kh6 47. Re3 Qg4+ 48. Rg3 Qd1+ 49. Kg2 Qd5+ 50. f3 Qd2+ 51. Kh3 Qf4 52. Qh4+
Qxh4+ 53. Kxh4 b5 54. axb5 cxb5 55. Rg1 b4 56. Ra1 g5+ 57. Kg3 b3 58. Rxa6+ Kh5
59. Rb6 g4 60. fxg4+ Kg5 61. Rb5+ Kf6 62. Rxb3 h6 63. h4 h5 64. gxh5 Kg7 65. Kf4
Kh6 66. Rb6+ Kxh5 67. Rf6 Kxh4 68. Rh6# 1-0

[Event "Euro Online U2300 Day 1"]
[Site "chess.com INT"]
[Date "2020.05.25"]
[Round "2"]
[White "Lagumina, Giulio"]
[Black "Khachatryan, Samvel S."]
[Result "0-1"]
[WhiteTitle "FM"]
[WhiteElo "2199"]
[BlackElo "2179"]
[WhiteFideId "800619"]
[BlackFideId "13309048"]
[EventDate "2020.05.25"]

1. e4 d5 2. exd5 Nf6 3. Nf3 Bg4 4. Bb5+ Nbd7 5. Nc3 a6 6. Ba4 b5 7. Bb3 Nb6 8.
h3 Bh5 9. g4 Bg6 10. Ne5 Nfxd5 11. Nxd5 Nxd5 12. Qf3 e6 13. d4 Be7 14. a4 b4 15.
O-O O-O 16. Bd2 a5 17. Nc6 Qd7 18. Bxd5 exd5 19. Qxd5 Rfd8 20. Qxd7 Rxd7 21. c3
b3 22. Ne5 Rdd8 23. Nxg6 hxg6 24. Be3 Bf6 25. Rfd1 Rd7 26. Kf1 Rad8 27. Ke2 c6
28. Rd3 c5 29. g5 c4 30. Rdd1 Be7 31. h4 Rd5 32. Bf4 Kf8 33. Kf3 Ke8 34. Re1 Kd7
35. Re5 Rxe5 36. Bxe5 f6 37. Bf4 Rh8 38. Kg4 Rc8 39. Re1 Rc6 40. gxf6 gxf6 41.
h5 f5+ 42. Kf3 g5 43. Bc1 Re6 44. Rh1 Rh6 45. Ke2 Kd6 46. f3 Kd5 47. Be3 Bf6 48.
Bc1 Kd6 49. Be3 Kd5 50. Bc1 f4 51. Bd2 Ke6 52. Kf2 Kf5 53. Kg2 g4 54. fxg4+ Kxg4
55. Be1 Bg5 56. Bf2 f3+ 57. Kf1 Rxh5 58. Rxh5 Kxh5 59. Ke1 Bc1 60. d5 Kg6 61.
Bb6 Kf7 62. Bxa5 Bxb2 63. Kf2 Ba3 64. d6 Bxd6 65. Kxf3 b2 0-1

[Event "Euro Online U2300 Day 1"]
[Site "chess.com INT"]
[Date "2020.05.25"]
[Round "2"]
[White "Pankratov, Oleg"]
[Black "Matic, Zeljko"]
[Result "1-0"]
[WhiteElo "2104"]
[BlackElo "2144"]
[WhiteFideId "24115290"]
[BlackFideId "14505690"]
[EventDate "2020.05.25"]

1. Nf3 d6 2. d4 g6 3. c4 Bg7 4. Nc3 e5 5. e4 exd4 6. Nxd4 Ne7 7. Be2 Nbc6 8. Nf3
O-O 9. h3 f5 10. O-O h6 11. Re1 f4 12. Nd5 g5 13. Rb1 Ng6 14. Bd2 Be6 15. Bc3
Nce5 16. Nd4 Bd7 17. Bd2 Nh4 18. Nf3 Nhxf3+ 19. Bxf3 Nxc4 20. Bc3 Ne5 21. Bxe5
Bxe5 22. Qb3 Kh8 23. Qxb7 c6 24. Nc3 Qc8 25. Qxc8 Rfxc8 26. Rbc1 Rcb8 27. Rc2 a5
28. b3 Ra7 29. Rd1 Kg7 30. Bg4 Be8 31. Be2 Kf6 32. Bc4 h5 33. Kf1 g4 34. hxg4
hxg4 35. Ke2 Rh7 36. Na4 Rh2 37. Rg1 Bh5 38. Ke1 Bd4 39. Rd2 c5 40. g3 fxg3 41.
Rxg3 Rf8 42. Nc3 Bxc3 43. Rxc3 Ke7 44. Rg3 Rf3 45. Rxf3 gxf3 46. e5 Rh1+ 47. Bf1
dxe5 48. Rd5 Bg4 49. Rxc5 Kd6 50. Rc1 Bh3 51. Kd2 Rxf1 52. Rc3 e4 53. Ke3 Re1+
54. Kf4 Re2 55. Kg3 Bg2 56. a3 Ra2 57. b4 a4 58. Rc4 Kd5 59. Rc5+ Kd4 60. Rc8
Rxa3 61. Rd8+ Kc4 62. Re8 Kd3 63. Rc8 Ke2 64. b5 Rb3 65. Ra8 a3 66. b6 e3 67. b7
exf2 68. Rxa3 f1=Q 69. Rxb3 Qe1+ 70. Kg4 Qg1 71. b8=Q Bf1+ 72. Kh5 Qh1+ 73. Kg6
Qg2+ 74. Kf6 Qh3 75. Rb2+ Ke1 76. Qe5+ Be2 77. Rb1+ Kf2 78. Qd4+ Kg3 79. Rg1+ 1-0

[Event "Euro Online U2300 Day 1"]
[Site "chess.com INT"]
[Date "2020.05.25"]
[Round "2"]
[White "Labiano Hernandez, Juan"]
[Black "Pogorelskikh, Sergey"]
[Result "1-0"]
[BlackTitle "FM"]
[WhiteElo "2158"]
[BlackElo "2218"]
[WhiteFideId "24556840"]
[BlackFideId "4187024"]
[EventDate "2020.05.25"]

1. e4 c5 2. Nf3 Nc6 3. Bb5 g6 4. Bxc6 bxc6 5. O-O Bg7 6. Re1 Nf6 7. e5 Nd5 8. c4
Nc7 9. d4 cxd4 10. Qxd4 O-O 11. Qh4 Ne6 12. Nc3 d5 13. Bh6 Rb8 14. Rad1 Rb4 15.
b3 Qa5 16. Bxg7 Nxg7 17. Nd4 Nf5 18. Nxf5 Bxf5 19. Qxe7 dxc4 20. e6 cxb3 21. Rd7
Kg7 22. exf7 Bxd7 23. Qxd7 Rf4 24. Re3 b2 25. Qd2 R8xf7 26. Qxb2 Rxf2 27. Qxf2
Rxf2 28. Kxf2 Qf5+ 29. Ke2 Qh5+ 30. Kd3 Qxh2 31. g3 Qg2 32. a4 Qf1+ 33. Re2 h5
34. Kd2 g5 35. Re7+ Kf6 36. Re3 g4 37. Ne4+ Kg6 38. Nc3 Qf2+ 39. Kd3 Qf5+ 40.
Kd4 Qa5 41. Re6+ Kf5 42. Rxc6 Qb4+ 43. Rc4 Qb6+ 44. Rc5+ Ke6 45. Ne4 Qb4+ 46.
Rc4 Qb2+ 47. Rc3 a5 48. Nc5+ Kf6 49. Ne4+ Kg6 50. Kd3 h4 51. Rc6+ Kf5 52. Rc5+
Kg6 53. gxh4 Qb1+ 54. Kd4 Qb4+ 55. Rc4 Qb2+ 56. Kd3 g3 57. Nxg3 Qa3+ 58. Rc3
Qxa4 59. Ne4 Qd7+ 60. Ke3 Qh3+ 61. Kd4 Qxh4 62. Rc6+ Kg7 63. Ra6 Qd8+ 64. Ke3
Qd5 65. Ra7+ Kg8 66. Nf6+ 1-0

[Event "Euro Online U2300 Day 1"]
[Site "chess.com INT"]
[Date "2020.05.25"]
[Round "2"]
[White "Popov, Maksim"]
[Black "Gloser, David"]
[Result "1-0"]
[WhiteElo "2094"]
[BlackElo "2228"]
[WhiteFideId "54123968"]
[BlackFideId "381420"]
[EventDate "2020.05.25"]

1. Nf3 g6 2. g3 Bg7 3. Bg2 e5 4. d3 d6 5. O-O Nc6 6. Bg5 Nge7 7. Qd2 h6 8. Be3
f5 9. h4 Nd5 10. c4 Nxe3 11. fxe3 O-O 12. Nc3 f4 13. exf4 exf4 14. gxf4 Bg4 15.
e3 Bxf3 16. Rxf3 Qxh4 17. Nd5 Rf7 18. Qf2 Qxf2+ 19. Rxf2 Raf8 20. Be4 g5 21. Bg6
Rd7 22. fxg5 hxg5 23. Bf5 Rdd8 24. Be6+ Kh7 25. Bf5+ Kg8 26. Raf1 Bh6 27. d4 Kh8
28. Nxc7 g4 29. Ne6 Bxe3 30. Nxf8 Rxf8 31. Kg2 Bxf2 32. Rxf2 Nxd4 33. Bxg4 Rxf2+
34. Kxf2 Kg7 35. Ke3 Nc6 36. Ke4 Kf6 37. Bc8 b6 38. a3 Ke7 39. Kd5 Ne5 40. Bf5
Nf7 41. b3 Kd8 42. Be6 Ng5 43. Kxd6 Ne4+ 44. Ke5 Nd2 45. b4 Kc7 46. Kd4 a5 47.
Kc3 Nf3 48. b5 Ne5 49. Bf5 Kd6 50. Kd4 Nf7 51. Be4 Nd8 52. Bd5 Kc7 53. Ke5 Kd7
54. a4 Kc7 55. Kf6 Kd6 56. Kf5 Kc5 57. Ke5 Kb4 58. Kd6 Kxa4 59. Kc7 Kb4 60. Kxd8
a4 61. Kc7 Kc5 62. Be4 a3 63. Bb1 Kxc4 64. Kxb6 Kb3 65. Bh7 Kb4 66. Bg8 1-0

[Event "Euro Online U2300 Day 1"]
[Site "chess.com INT"]
[Date "2020.05.25"]
[Round "2"]
[White "Eret, Matous"]
[Black "Krallis, Christos"]
[Result "1-0"]
[WhiteElo "2166"]
[BlackElo "2284"]
[WhiteFideId "364509"]
[BlackFideId "4298896"]
[EventDate "2020.05.25"]

1. Nf3 c5 2. g3 Nc6 3. d3 g6 4. Bg2 Bg7 5. c4 e5 6. Nc3 Nge7 7. a3 O-O 8. Bd2 d6
9. Qc1 Bg4 10. e3 Qd7 11. h3 Bf5 12. e4 Be6 13. Nd5 f5 14. Ng5 Bxd5 15. cxd5 Nd4
16. Qd1 Bh6 17. h4 Qb5 18. Bc3 Bxg5 19. hxg5 fxe4 20. Bxe4 Rf7 21. O-O Raf8 22.
Qg4 Nef5 23. b4 cxb4 24. axb4 a6 25. Kh2 Qd7 26. Kg1 Nxg3 27. Qxd7 Nge2+ 28. Kh2
Rxd7 29. Bxd4 Nxd4 30. Rac1 Nf3+ 31. Kg3 Nxg5 32. Bg2 Kg7 33. Rc4 Nf7 34. Rfc1
Nh6 35. Rc7 Nf5+ 36. Kh2 Rxc7 37. Rxc7+ Rf7 38. Rc8 Nd4 39. Rd8 Nb5 40. Kg3 Rf8
41. Rd7+ Rf7 42. Rd8 h5 43. Bh3 g5 44. Be6 Rf8 45. Rd7+ Kg6 46. Rxb7 h4+ 47. Kg2
Nd4 48. Bg4 Nf5 49. Rb6 Nh6 50. Rxd6+ Rf6 51. Be6 g4 52. Rxa6 h3+ 53. Kg3 Rf3+
54. Kh2 Rxf2+ 55. Kg1 Rg2+ 56. Kf1 Kg5 57. d6 g3 58. Bxh3 Rf2+ 59. Kg1 Rf8 60.
d7 Nf7 61. Kg2 Kh4 62. Rg6 Nd8 63. Rg4+ Kh5 64. Rxg3 Nc6 65. b5 Nd4 66. b6 Ne2
67. Bg4+ Kh4 68. Bxe2 e4 69. Rg4+ Kh5 70. Rf4+ Kg5 71. Rxf8 1-0

[Event "Euro Online U2300 Day 1"]
[Site "chess.com INT"]
[Date "2020.05.25"]
[Round "2"]
[White "Van Hoolandt, Patrick"]
[Black "Cech, Dominik"]
[Result "0-1"]
[WhiteTitle "FM"]
[WhiteElo "2063"]
[BlackElo "2137"]
[WhiteFideId "200999"]
[BlackFideId "14908212"]
[EventDate "2020.05.25"]

1. d4 d5 2. c4 e6 3. Nf3 Nf6 4. Nc3 Be7 5. Bg5 h6 6. Bh4 O-O 7. Qc2 b6 8. cxd5
Nxd5 9. Bxe7 Qxe7 10. Nxd5 exd5 11. Rc1 Na6 12. e3 c5 13. Be2 Nb4 14. Qb3 c4 15.
Qa3 Bf5 16. O-O a5 17. Qa4 Bd7 18. Qa3 Rfc8 19. Ne1 b5 20. Ra1 Qe6 21. Qc3 Nc6
22. Nf3 b4 23. Qc2 Qf6 24. Rfc1 Bf5 25. Qd1 Be4 26. Nd2 Bg6 27. Bf3 Rd8 28. Nf1
Rab8 29. Ng3 Ne7 30. Qa4 Qb6 31. Qd1 Nf5 32. Ne2 Nh4 33. Bg4 Nf5 34. Nf4 Ne7 35.
Nxg6 Nxg6 36. Bf3 Ne7 37. Qc2 Rbc8 38. Qd2 a4 39. a3 b3 40. Rc3 Qe6 41. g3 Nf5
42. Bg2 Nd6 43. f3 Nb5 44. Rcc1 Re8 45. e4 dxe4 46. fxe4 Qb6 47. Rd1 Rcd8 48.
Qb4 Rxd4 49. Kh1 Red8 50. Rxd4 Rxd4 51. Rf1 c3 52. bxc3 Rxb4 53. cxb4 Nxa3 54.
e5 Qxb4 55. Bd5 b2 56. Bxf7+ Kh8 57. Ba2 b1=Q 58. Bxb1 Nxb1 59. Kg1 Nc3 60. Rf3
Qd4+ 61. Kg2 Qxe5 62. h4 a3 63. Rf8+ Kh7 64. Rf3 a2 65. Rf1 Qe2+ 66. Rf2 Qxf2+
67. Kxf2 a1=Q 68. Ke3 Qd1 69. g4 Qxg4 70. h5 Qxh5 71. Kd4 Qf3 72. Kc4 Ne4 73.
Kd4 Nf6 74. Ke5 h5 75. Ke6 Kg6 76. Ke7 h4 77. Kf8 Nh7+ 78. Ke7 Qf6+ 79. Kd7 h3
80. Ke8 Qf7+ 81. Kd8 Ng5 82. Kc8 Qe7 83. Kb8 Qd7 84. Ka8 h2 85. Kb8 Kh5 86. Ka8
h1=Q+ 87. Kb8 Qhb7# 0-1

[Event "Euro Online U2300 Day 1"]
[Site "chess.com INT"]
[Date "2020.05.25"]
[Round "2"]
[White "Tzoumbas, Anastasios"]
[Black "Strybuk, Artsiom I"]
[Result "0-1"]
[WhiteTitle "FM"]
[BlackTitle "FM"]
[WhiteElo "2284"]
[BlackElo "2215"]
[WhiteFideId "4200519"]
[BlackFideId "13515659"]
[EventDate "2020.05.25"]

1. e4 e5 2. Nf3 Nc6 3. Bb5 Nf6 4. O-O Nxe4 5. d4 Nd6 6. Bxc6 dxc6 7. dxe5 Nf5 8.
Qxd8+ Kxd8 9. h3 Bd7 10. b3 h6 11. Bb2 Kc8 12. c4 c5 13. Nc3 Be6 14. Nd5 b6 15.
Nf4 Be7 16. Rad1 Kb7 17. Nd5 Bd8 18. g4 Ne7 19. Ne3 g5 20. Nd2 Ng6 21. Ng2 a5
22. Ne4 a4 23. f4 gxf4 24. Nxf4 Nxf4 25. Rxf4 axb3 26. axb3 Ra2 27. Rf2 Bh4 28.
Rg2 h5 29. Nc3 Raa8 30. Rd3 hxg4 31. hxg4 Rag8 32. Rf3 Rh7 33. Rf4 Bg5 34. Rf3
Rgh8 35. Ne4 Rh1+ 36. Kf2 Bh4+ 37. Ke3 Re1+ 38. Kf4 Be7 39. Bc3 Rb1 40. Bd2 b5
41. cxb5 Rxb3 42. Nc3 Rd8 43. g5 Rb4+ 44. Ke3 Rbd4 45. Ne4 c4 46. Ba5 Rd3+ 47.
Ke2 R8d4 48. Rxd3 cxd3+ 49. Ke3 Rd5 50. Nc3 Rxe5+ 51. Kxd3 Bc5 52. Na4 Be7 53.
Rc2 Bd6 54. Kd4 Rxg5 55. Nc3 Rg4+ 56. Ke3 f5 57. Ne2 Bd5 58. Be1 f4+ 59. Kd4 Bf7
60. Bf2 Rg2 61. Ng1 Bg6 62. Ra2 Bf7 63. Rb2 Be8 64. b6 cxb6 65. Ke4 Bc6+ 66. Kf5
Bc5 67. Nh3 Bd7+ 68. Kxf4 Bxh3 69. Rb3 Rxf2+ 70. Kg3 Be6 0-1

[Event "Euro Online U2300 Day 1"]
[Site "chess.com INT"]
[Date "2020.05.25"]
[Round "2"]
[White "Melia, Salome"]
[Black "Kiremitciyan, Ari"]
[Result "0-1"]
[WhiteTitle "IM"]
[BlackTitle "FM"]
[WhiteElo "2370"]
[BlackElo "2281"]
[WhiteFideId "13602446"]
[BlackFideId "6373445"]
[EventDate "2020.05.25"]

1. e4 c6 2. d4 d5 3. Nc3 dxe4 4. Nxe4 Bf5 5. Ng3 Bg6 6. Nf3 e6 7. Bd3 Bxd3 8.
Qxd3 Nf6 9. O-O c5 10. Re1 Be7 11. Ne5 O-O 12. dxc5 Bxc5 13. Qf3 Qd5 14. Qxd5
Nxd5 15. c4 Nb4 16. Rd1 N4c6 17. Nd3 Be7 18. Be3 Nd7 19. Rac1 Rfd8 20. Kf1 f5
21. Nf4 Kf7 22. Nge2 Nc5 23. h4 b6 24. g3 g6 25. Nd4 Nxd4 26. Bxd4 Bf6 27. Bxc5
bxc5 28. b3 a5 29. Rxd8 Rxd8 30. Ke2 Ke7 31. Rd1 Rb8 32. Nd3 Bd4 33. f4 a4 34.
Rb1 axb3 35. axb3 Ra8 36. Nc1 Ra1 37. Rxa1 Bxa1 38. Nd3 Bd4 39. Ne1 Kd6 40. Nf3
Bf6 41. Kd3 h6 42. Nd2 e5 43. fxe5+ Bxe5 44. Nf1 g5 45. h5 g4 46. Ke2 Ke6 47.
Kf2 Kf6 48. Ne3 Kg5 49. Kg2 Bd4 50. Nc2 Bc3 51. Ne3 Bd2 52. Nd5 Kxh5 53. Nf6+
Kg6 54. Nd5 Ba5 55. Kf2 Kg5 56. Ke2 h5 57. Kf2 h4 58. gxh4+ Kxh4 59. Kg2 Kg5 60.
Kg3 f4+ 61. Kg2 Bd8 62. Nc3 f3+ 63. Kf1 g3 64. Ne4+ Kf4 65. Nxg3 Kxg3 66. Kg1
Ba5 67. Kf1 Bb4 68. Kg1 Kf4 69. Kf2 Ke4 70. Kf1 Ke3 71. Kg1 Ke2 0-1

[Event "Euro Online U2300 Day 1"]
[Site "chess.com INT"]
[Date "2020.05.25"]
[Round "2"]
[White "Dudin, Gleb"]
[Black "Ponce Cano, Adrian"]
[Result "0-1"]
[WhiteTitle "FM"]
[BlackTitle "FM"]
[WhiteElo "2387"]
[BlackElo "2169"]
[WhiteFideId "34184934"]
[BlackFideId "22296913"]
[EventDate "2020.05.25"]

1. d4 d5 2. c4 e6 3. Nc3 c6 4. e3 Nf6 5. Nf3 Bd6 6. Qc2 O-O 7. b3 b6 8. Bb2 Bb7
9. Be2 Nbd7 10. O-O Re8 11. Rad1 Rc8 12. Rfe1 c5 13. dxc5 Nxc5 14. cxd5 exd5 15.
Qb1 Nce4 16. Nxe4 Nxe4 17. Qa1 Bf8 18. Bd4 Qd7 19. Qb2 Qf5 20. Rc1 g5 21. Bb5
Rxc1 22. Rxc1 Rc8 23. Rxc8 Bxc8 24. Bd3 h5 25. Qc2 Bb7 26. Bb2 g4 27. Nd4 Qg6
28. Ne2 Qc6 29. Qxc6 Bxc6 30. Nf4 h4 31. Nh5 Be7 32. f3 gxf3 33. gxf3 Ng5 34.
Kf2 Kf8 35. Bg7+ Ke8 36. Nf6+ Kd8 37. Ng8 Nh3+ 38. Kg2 Ng5 39. Nxe7 Kxe7 40. Be5
f6 41. Bb8 Kd7 42. Bf5+ Kd8 43. Kf2 a5 44. Bd6 b5 45. Bc5 a4 46. bxa4 bxa4 47.
Ke2 Bb5+ 48. Kf2 Bc6 49. Bg4 Ke8 50. Bh5+ Kd7 51. Bg4+ Kd8 52. Bf5 Ke8 53. Bd4
Kf7 54. Bc3 Nxf3 55. Bb4 Ne5 56. Be1 Kg7 57. Bc3 Kh6 58. Bd4 Kg5 59. Bc2 Nc4 60.
Bc5 Kg4 61. Bd4 Ne5 62. Kg2 Nc4 63. Bd1+ Kf5 64. Bc2+ Kg5 65. Kf2 Kg4 66. Kg2
Nxe3+ 67. Bxe3 d4+ 68. Kf2 dxe3+ 69. Kxe3 Kh3 70. a3 Kxh2 71. Ke2 Kg3 0-1

[Event "Euro Online U2300 Day 1"]
[Site "chess.com INT"]
[Date "2020.05.25"]
[Round "2"]
[White "Roque, Gaetan"]
[Black "Svane, Frederik"]
[Result "1-0"]
[WhiteElo "2128"]
[BlackElo "2421"]
[WhiteFideId "20666934"]
[BlackFideId "12923044"]
[EventDate "2020.05.25"]

1. d4 Nf6 2. c4 d6 3. Nf3 g6 4. Nc3 Bf5 5. e3 Bg7 6. Be2 O-O 7. O-O c6 8. b3 Ne4
9. Nxe4 Bxe4 10. Nd2 Bf5 11. Bb2 e5 12. e4 Bc8 13. Nf3 Qc7 14. c5 dxc5 15. dxc5
Rd8 16. Qc2 Bg4 17. Ng5 Bxe2 18. Qxe2 Qe7 19. Qe3 Na6 20. Rac1 Nb4 21. Nf3 Nd3
22. Rc2 Bf8 23. Ba1 f6 24. Ne1 Nxc5 25. Bc3 Ne6 26. g3 Qc5 27. Qe2 Nd4 28. Bxd4
Qxd4 29. h4 Kg7 30. h5 Qd1 31. hxg6 Qxe2 32. Rxe2 hxg6 33. f4 Bc5+ 34. Kg2 Rd1
35. Nf3 Rxf1 36. Kxf1 exf4 37. gxf4 Rd8 38. e5 fxe5 39. fxe5 Kf7 40. Ng5+ Ke7
41. Rh2 Rd7 42. Rh6 Rd5 43. Rh7+ Ke8 44. Nf3 Be7 45. Kf2 Kd7 46. Ke3 Ke6 47. Ke4
Rd1 48. Rg7 g5 49. Nd4+ Kd7 50. Nf5 Re1+ 51. Kd4 Rd1+ 52. Kc4 Ke6 53. Nxe7 Kxe5
54. Rxg5+ Kf6 55. Ra5 Kxe7 56. Rxa7 Kd6 57. Rxb7 Rh1 58. a4 Rh5 59. Kb4 Rh4+ 60.
Ka5 Kc5 61. Rg7 Rh8 62. b4+ Kd6 63. Rg6+ Kc7 64. Rg7+ Kd6 65. b5 Ra8+ 66. Kb6
Rxa4 67. Rg6+ Kd5 68. Rxc6 Ra1 69. Rc2 Rh1 70. Kb7 Rh7+ 71. Rc7 Rh8 72. b6 Kd6
73. Rc2 Rh7+ 74. Ka8 Rh8+ 75. Ka7 Rh1 76. b7 Ra1+ 77. Kb8 Kd7 78. Rd2+ Ke6 79.
Rd4 Ke5 80. Rb4 Kd6 81. Kc8 Rc1+ 82. Kd8 Rc7 83. b8=Q Kd5 84. Qxc7 Ke6 1-0

[Event "Euro Online U2300 Day 1"]
[Site "chess.com INT"]
[Date "2020.05.25"]
[Round "2"]
[White "Havelka, Ondrej"]
[Black "Frick, Christoph"]
[Result "1-0"]
[BlackTitle "FM"]
[WhiteElo "2140"]
[BlackElo "2101"]
[WhiteFideId "349526"]
[BlackFideId "4607090"]
[EventDate "2020.05.25"]

1. d4 d5 2. c4 c6 3. Nf3 Nf6 4. Nc3 dxc4 5. a4 Bf5 6. e3 e6 7. Bxc4 Bb4 8. O-O
O-O 9. Bd3 Bg4 10. h3 Bh5 11. Qc2 Bxf3 12. gxf3 Qa5 13. Kh2 Nbd7 14. Rg1 Qh5 15.
Rg3 Bd6 16. f4 Nd5 17. Bd2 N7f6 18. Rag1 g6 19. Rg5 Qh6 20. Bxg6 fxg6 21. Rxg6+
hxg6 22. Rxg6+ Qg7 23. Rxg7+ Kxg7 24. e4 Bxf4+ 25. Bxf4 Nxf4 26. e5 N6d5 27. Ne4
Rh8 28. Ng5 Rh5 29. Qb3 b6 30. Qg3 Kf8 31. Qg4 Ke7 32. Nxe6 Rxh3+ 33. Kg1 Nxe6
34. Qxh3 Rg8+ 35. Kf1 Ndf4 36. Qa3+ Kf7 37. Qd6 Rh8 38. Qd7+ Kg6 39. Qxc6 Kf5
40. Ke1 Rd8 41. Qb7 Rxd4 42. Qxa7 Rb4 43. a5 bxa5 44. Qxa5 Rxb2 45. Qc3 Ra2 46.
Qb3 Ra1+ 47. Kd2 Rf1 48. Qc2+ Kxe5 49. Qb2+ Kd6 50. Qb6+ Ke7 51. Qb7+ Kf6 52.
Qb2+ Kg6 53. Qb6 Kg5 54. Qb5+ Kg4 55. Qxf1 Kf5 56. Qb1+ Ke5 57. Ke3 Nd5+ 58. Kf3
Nd4+ 59. Kg4 Ne6 60. Qb8+ Kf6 61. f3 Ne7 62. Qb2+ Kg6 63. f4 Kf7 64. Qb3 Kf6 65.
Qc3+ Kf7 66. Qd3 Ng7 67. Qc4+ Kf6 68. Qa6+ Kf7 69. Qh6 Nef5 70. Qg5 Ne7 71. Qe5
Ne8 72. Kg5 Ng8 73. f5 Ngf6 74. Qe6+ Kg7 75. Qe7+ Kg8 76. Kg6 Kh8 77. Qf8+ Ng8
78. f6 Nxf6 79. Qg7# 1-0

[Event "Euro Online U2300 Day 1"]
[Site "chess.com INT"]
[Date "2020.05.25"]
[Round "2"]
[White "Kashtanov, Ruslan"]
[Black "Pedersen, Henrik Dahl"]
[Result "1-0"]
[WhiteTitle "IM"]
[WhiteElo "2376"]
[BlackElo "2225"]
[WhiteFideId "4124871"]
[BlackFideId "1404199"]
[EventDate "2020.05.25"]

1. Nf3 g6 2. d4 Bg7 3. c4 d6 4. Nc3 a6 5. g3 Nf6 6. Bg2 O-O 7. O-O Nc6 8. Bf4
Nh5 9. Bg5 h6 10. Be3 e5 11. Qd2 Kh7 12. Rfd1 exd4 13. Nxd4 Ne5 14. b3 Ng4 15.
h3 Nxe3 16. Qxe3 Nf6 17. Rac1 Rb8 18. f4 Bd7 19. Qf2 Re8 20. Rd2 Qe7 21. e4 c5
22. Nc2 Bc6 23. Re2 Qc7 24. a3 b5 25. cxb5 axb5 26. b4 Qb6 27. e5 Nh5 28. bxc5
dxc5 29. Bxc6 Qxc6 30. g4 b4 31. gxh5 bxc3 32. Ne3 Qe4 33. Ng2 Qf5 34. hxg6+
Qxg6 35. Rxc3 Rb1+ 36. Kh2 Rc8 37. f5 Qc6 38. f6 Bf8 39. Rg3 Qe6 40. Qf4 Bd6 41.
Qe4+ Kh8 42. Qxb1 Bxe5 43. Rxe5 Qxe5 44. Qe1 Qxf6 45. Qc3 Qxc3 46. Rxc3 Kg7 47.
Nf4 Ra8 48. Nd3 c4 49. Ne5 Re8 50. Nxc4 Re2+ 51. Kg3 Ra2 52. Ne3 Kg6 53. Kf4 f6
54. Nd5 Rh2 55. Ke4 Re2+ 56. Kf4 Ra2 57. Ne3 Kh5 58. Nf5 Kg6 59. Rg3+ Kf7 60.
Rg7+ Ke6 61. Ra7 Rf2+ 62. Ke4 Re2+ 63. Ne3 Rh2 64. Ra6+ Kf7 65. a4 Rxh3 66. a5
Rh1 67. Ra8 Ra1 68. a6 h5 69. a7 Kg7 70. Nf5+ Kh7 71. Kd5 Ra5+ 72. Ke6 Ra4 73.
Kxf6 h4 74. Nxh4 Ra6+ 75. Kg5 Ra5+ 76. Nf5 Ra1 77. Kf6 Ra6+ 78. Ke5 Ra5+ 79. Ke4
Ra1 80. Nd4 Kg7 81. Nb5 Ra5 82. Rb8 1-0

[Event "Euro Online U2300 Day 1"]
[Site "chess.com INT"]
[Date "2020.05.25"]
[Round "2"]
[White "Tobak, Mikhail"]
[Black "Aliyev, Elnur"]
[Result "0-1"]
[WhiteElo "2067"]
[BlackElo "2148"]
[WhiteFideId "14165570"]
[BlackFideId "13402617"]
[EventDate "2020.05.25"]

1. e4 c5 2. Nf3 Nc6 3. Bb5 d6 4. O-O Bd7 5. c3 a6 6. Ba4 Nf6 7. Bc2 Bg4 8. h3
Bh5 9. d3 e6 10. Re1 Be7 11. Nbd2 O-O 12. Nf1 Ne5 13. N1h2 Nxf3+ 14. Nxf3 Rc8
15. Qe2 Nd7 16. Bf4 Ne5 17. Bxe5 Bxf3 18. Qxf3 dxe5 19. a4 b6 20. Bb3 Qd7 21.
Rad1 b5 22. Ra1 Rb8 23. axb5 axb5 24. Ra6 c4 25. Bc2 Rfd8 26. Rd1 Qb7 27. Raa1
cxd3 28. Rxd3 Rxd3 29. Bxd3 b4 30. Rb1 Qa7 31. cxb4 Bxb4 32. b3 Bc5 33. Bc4 Rd8
34. Qe2 Qb6 35. Rf1 Qb4 36. Qg4 Rd2 37. Qg5 h6 38. Qg3 Bd4 39. Kh1 Qa3 40. f4
Ra2 41. fxe5 Ra1 42. Qf4 Rxf1+ 43. Qxf1 Bxe5 44. Qb1 Qb4 45. Qd1 Qc3 46. Qf3
Qe1+ 47. Bf1 g6 48. g4 Qd2 49. Qe2 Qc3 50. Qd3 Qb4 51. Kg2 Kg7 52. Be2 Bb8 53.
Kf2 Ba7+ 54. Kg2 Qb6 55. Qc3+ Kh7 56. Qe1 Qe3 57. Qf1 Qxe4+ 58. Qf3 Qxf3+ 59.
Kxf3 Kg7 60. b4 Kf6 61. Ke4 Kg5 62. Kf3 Kh4 63. Kg2 f5 64. gxf5 gxf5 65. Bd3 Kg5
66. Kf3 e5 67. Bc2 e4+ 68. Kg2 Kf4 69. b5 Ke3 70. Bb3 f4 71. Bd5 Bb6 72. Bc6 f3+
73. Kg3 Bc5 74. Bd5 Bb6 75. Be6 Bc7+ 76. Kg4 Kf2 77. Bc4 e3 0-1